LEADER 01952nam0 2200445 i 450 001 VAN00102883 005 20240806100721.640 017 70$2N$a978-1-4939-0005-3 100 $a20151012d2014 |0itac50 ba 101 $aeng 102 $aUS 105 $a|||| ||||| 200 1 $aStatistical inference on residual life$fJong-Hyeon Jeong 210 $aNew York$cSpringer$d2014 215 $aXI, 201 p.$cill.$d24 cm 410 1$1001VAN00102850$12001 $aStatistics for biology and health$1210 $aBerlin [etc.]$cSpringer$d1997- 500 1$3VAN00239804$aStatistical inference on residual life$91410716 606 $a60K10$xApplications of renewal theory (reliability, demand theory, etc.) [MSC 2020]$3VANC029272$2MF 606 $a62Nxx$xSurvival analysis and censored data [MSC 2020]$3VANC027776$2MF 606 $a62P10$xApplications of statistics to biology and medical sciences; meta analysis [MSC 2020]$3VANC024649$2MF 610 $aBiostatistics$9KW:K 610 $aClinical Trials$9KW:K 610 $aCompeting risks$9KW:K 610 $aEmpirical Likelihood$9KW:K 610 $aMean (Quantile) Residual Life$9KW:K 610 $aMean Residual Life$9KW:K 610 $aReliability theory$9KW:K 610 $aStatistics$9KW:K 610 $aSurvival analysis$9KW:K 620 $aUS$dNew York$3VANL000011 700 1$aJeong$bJong-Hyeon$3VANV080297$0721702 712 $aSpringer $3VANV108073$4650 801 $aIT$bSOL$c20250606$gRICA 856 4 $uhttp://dx.doi.org/10.1007/978-1-4939-0005-3$zE-book ? Accesso al full-text attraverso riconoscimento IP di Ateneo, proxy e/o Shibboleth 899 $aBIBLIOTECA CENTRO DI SERVIZIO SBA$2VAN15 912 $fN 912 $aVAN00102883 950 $aBIBLIOTECA CENTRO DI SERVIZIO SBA$d15CONS SBA EBOOK 4606 $e15EB 4606 20191106 996 $aStatistical inference on residual life$91410716 997 $aUNICAMPANIA LEADER 01945nam2 2200445 i 450 001 CFI0028965 005 20251003044112.0 020 $aIT$b87-4534 100 $a20010622d1980 ||||0itac50 ba 101 | $aita 102 $ait 181 1$6z01$ai $bxxxe 182 1$6z01$an 200 1 $a1$eAnalisi della Cisl$efatti e giudizi di un'esperienza sindacale$fa cura di Guido Baglioni 210 $aRoma$cLavoro$d1980 215 $a2 v. (LXVII, 759 p. compless.)$d21 cm. 314 $aSC/ 12/11/03$9CFIV008437 461 1$1001CFI0028967$12001 $aTrent'anni di storia sindacale$f\a cura di! Centro studi nazionale Cisl, Centro di studi sociali e sindacali$v1 463 1$1001LO10316988$12000 $aTomo 1$v1 463 1$1001LO10316990$12000 $aTomo 2$v2 606 $aConfederazione italiana sindacati lavoratori$2FIR$3IEIC043146$9I 676 $a331.88$9SINDACATI$v20 676 $a331.88$9SINDACATI$v23 676 $a331.880945$9SINDACATI. Italia$v20 676 $a331.880945$9SINDACATI. Italia$v21 686 $aIT/X42.5/CAT$cPARTITI E MOVIMENTI POLITICI CATTOLICI ITALIA$2R 686 $aIT/X420.0$cPOLITICA E CULTURA ITALIA$2R 686 $aIT/X430.0$cECONOMIA E SOCIETA ITALIA$2R 686 $aIT/X436.0$cLAVORO SINDACATI DEI LAVORATORI ITALIA$2R 686 $aIT/X436.8$cORGANIZZAZIONI SINDACALI ED ALTRE ITALIA$2R 702 1$aBaglioni$b, Guido$3CFIV008437 801 3$aIT$bIT-000000$c20010622 850 $aIT-BN0095 $aIT-CE0072 901 $bNAP CE$cBIBL.SOPR.$n$ 901 $bNAP 01$cPOZZO LIB.$nVi sono collocati fondi di economia, periodici di ingegneria e scienze, periodici di economia e statistica e altri fondi comprendenti documenti di economia pervenuti in dono. 912 $aCFI0028965 950 2$aBiblioteca Centralizzata di Ateneo$cv. 1-2$d 01POZZO LIB.F. ASSANTE 371 977 $a 01$a CE 996 $a1$961339 997 $aUNISANNIO